Ислам и общество: Опыт историко-социологического исследования

Dades bibliogràfiques
Autor principal: Саидбаев Т. С. Талиб Сарымсакович
Idioma:rus
Publicat: Москва, Наука, 1984
Edició:2-е изд., доп.
Matèries:
Format: Llibre
KOHA link:https://koha.lib.tpu.ru/cgi-bin/koha/opac-detail.pl?biblionumber=19134

MARC

LEADER 00000nam0a2200000 4500
001 19134
005 20231030191539.0
035 |a (RuTPU)RU\TPU\book\19294 
035 |a BOOK00000105 
090 |a 19134 
100 |a 20011209d1994 km y0rusy50 ca 
101 0 |a rus 
102 |a RU 
105 |a y z 000zy 
200 1 |a Ислам и общество  |e Опыт историко-социологического исследования  |f Т. С. Саидбаев 
205 |a 2-е изд., доп. 
210 |a Москва  |c Наука  |d 1984 
215 |a 302 с. 
610 1 |a религия 
610 1 |a мусульманство 
610 1 |a ислам 
610 1 |a Средняя Азия 
610 1 |a история 
686 |a Э38-3  |v LBC/SL-A  |2 rubbk 
700 1 |a Саидбаев  |b Т. С.  |g Талиб Сарымсакович 
801 0 |a RU  |b 63413507  |c 20011209  |g PSBO 
801 2 |a RU  |b 63413507  |c 20220906  |g PSBO 
942 |c BK